| 000 | 01309cam a22002534a 4500 | ||
|---|---|---|---|
| 005 | 20250605164011.0 | ||
| 008 | 250528s ||||||||||||||||||||||||d | ||
| 035 | _a15951 | ||
| 020 | _a960286303X | ||
| 040 |
_aGR-AtMCL _bgre _dGR-AtMCL _eAACR2 |
||
| 245 | 1 | _aΜάρκετινγκ / Τέταρτη Έκδοση | |
| 250 | _a4η | ||
| 260 |
_bΈλλην, _c1998 |
||
| 300 | _a592 | ||
| 505 | 0 | _aΤο Μέλλον του Μάρκετινγκ και του Επαγγέλματος του Μάρκετινγκ, Οργάνωση για την Επίτευξη Αποτελεσματικού Μάρκετινγκ, Δημιουργία Ενός Προιόντος, Διανομή Προιόντος, Η Εφαρμογή του Μάρκετινγκ. | |
| 520 | _aΤο Μέλλον του Μάρκετινγκ και του Επαγγέλματος του Μάρκετινγκ, Οργάνωση για την Επίτευξη Αποτελεσματικού Μάρκετινγκ, Δημιουργία Ενός Προιόντος, Διανομή Προιόντος, Η Εφαρμογή του Μάρκετινγκ. | ||
| 700 | 1 |
_aBaker J. Michael _91982 |
|
| 700 | 1 |
_aBeasley Derek _91988 |
|
| 700 | 1 |
_aBowles Tim _91989 |
|
| 700 | 1 |
_aBrannan Tom _91990 |
|
| 942 | _cBK | ||
| 999 |
_c1498 _d1498 |
||